All 10k+ cities in Arkansas on a Map - Statistics

General Stats
  • This quiz has been taken 174 times
  • The average score is 20 of 37
Answers on the Map
Answers color-coded by a green-red scale on the quiz's map according to % correct below.
 
Answer Stats
City Population % Correct
Little Rock 202,591
100%
Fayetteville 93,949
96%
Fort Smith 89,142
86%
Benton 35,014
85%
North Little Rock 64,591
85%
Texarkana 29,387
85%
Jonesboro 78,576
83%
Bentonville 54,164
82%
Springdale 84,161
77%
Conway 64,134
76%
Hot Springs 37,930
75%
Pine Bluff 41,253
70%
West Memphis 24,520
68%
Rogers 69,908
66%
Jacksonville 29,477
51%
Paragould 29,537
51%
Russellville 28,940
51%
Arkadelphia 10,380
46%
El Dorado 17,756
46%
Cabot 26,569
44%
Searcy 22,937
42%
Sherwood 32,731
41%
Bella Vista 30,104
39%
Harrison 13,069
39%
Van Buren 23,218
39%
Forrest City 13,015
35%
Mountain Home 12,825
35%
Bryant 20,663
34%
Siloam Springs 17,287
34%
Blytheville 13,406
32%
Marion 13,752
32%
Maumelle 19,251
32%
Camden 10,612
31%
Centerton 17,792
30%
Batesville 11,191
28%
Magnolia 11,162
28%
Malvern 10,867
28%
No matching quizzes found
Score Distribution
Percent of People with Each Score
Percentile by Number Answered
Your Score History
You have not taken this quiz